[Event "XXXIII Festival Conca della Presolana A"]
[Site "Bratto - Castione della Presolana ITA"]
[Date "2013.08.24"]
[Round "7"]
[White "Savoldelli, Dario"]
[Black "Guerini, Silvia jr"]
[WhiteElo "1852"]
[BlackElo "1773"]
[Result "1/2-1/2"]
[PlyCount "82"]
[EventDate "2013.08.18"]

1. e4 c6 2. d4 d5 3. Nd2 dxe4 4. Nxe4 Nd7 5. Nf3 Ngf6 6. Nxf6+ Nxf6 7. Bc4 e6
8. Qe2 Be7 9. O-O O-O 10. Bg5 b6 11. Rad1 Qc7 12. Rfe1 Nd5 13. Bxe7 Nxe7 14.
Ne5 Nf5 15. Qg4 Nd6 16. Bd3 Bb7 17. Re3 g6 18. Rg3 f5 19. Qf4 Qe7 20. f3 Ne8
21. Rg5 Ng7 22. Qh4 Rfe8 23. Re1 Rad8 24. Qh6 Qd6 25. c3 c5 26. Nf7 Kxf7 27.
Qxh7 Qf8 28. Qxg6+ Kg8 29. Rxe6 Qf7 30. Rxe8+ Rxe8 31. Bc4 Re1+ 32. Kf2 Re2+
33. Kxe2 Qxc4+ 34. Kd2 Qf7 35. Qd6 cxd4 36. Qxd4 Qe7 37. h4 Ba6 38. Kc2 Kh7 39.
Qd2 Qf7 40. b3 Ne6 41. Rg3 f4 1/2-1/2

[Event "XXXIII Festival Conca della Presolana A"]
[Site "Bratto - Castione della Presolana ITA"]
[Date "2013.08.24"]
[Round "7"]
[White "Tardelli, Andrea"]
[Black "Gemelli, Giovanni"]
[WhiteElo "1793"]
[BlackElo "1842"]
[Result "0-1"]
[PlyCount "70"]
[EventDate "2013.08.18"]

1. d4 Nf6 2. Nc3 g6 3. e4 d6 4. Bf4 Bg7 5. Qd2 O-O 6. f3 Nbd7 7. Bh6 c5 8. d5
a6 9. h4 b5 10. h5 Nb6 11. g4 e6 12. hxg6 fxg6 13. dxe6 Bxe6 14. O-O-O Bxh6 15.
Rxh6 Ne8 16. e5 d5 17. Ne4 dxe4 18. Qxd8 Rxd8 19. Rxd8 exf3 20. Nxf3 Bxg4 21.
Bg2 Kg7 22. Rh4 Bxf3 23. Bxf3 Rxf3 24. Rxe8 Nc4 25. Rh1 h5 26. e6 Re3 27. Rf1
Nd6 28. Rf7+ Nxf7 29. exf7 Rf3 30. Re6 Rxf7 31. Rxa6 h4 32. Rc6 Rf5 33. b3 h3
34. a4 bxa4 35. bxa4 h2 0-1

[Event "XXXIII Festival Conca della Presolana A"]
[Site "Bratto - Castione della Presolana ITA"]
[Date "2013.08.24"]
[Round "7"]
[White "Vlug, Andre"]
[Black "Autino, Massimiliano"]
[WhiteElo "1847"]
[BlackElo "1879"]
[Result "0-1"]
[PlyCount "58"]
[EventDate "2013.08.18"]

1. e4 e5 2. Nf3 Nc6 3. d4 exd4 4. Bc4 Nf6 5. e5 d5 6. exf6 dxc4 7. O-O Be6 8.
fxg7 Bxg7 9. Ng5 Qd5 10. Re1 O-O-O 11. Nxe6 fxe6 12. Qg4 Be5 13. f4 Rdg8 14.
Qe2 d3 15. cxd3 cxd3 16. Qe4 Nd4 17. Qxd5 exd5 18. Na3 Nf3+ 19. Kf1 Nxe1 20.
fxe5 Nc2 21. Nxc2 dxc2 22. Be3 Re8 23. Bd4 b6 24. b4 c5 25. bxc5 bxc5 26. Bxc5
Rxe5 27. Bd4 Rf8+ 28. Kg1 Re2 29. Bxa7 Rd2 0-1

[Event "XXXIII Festival Conca della Presolana A"]
[Site "Bratto - Castione della Presolana ITA"]
[Date "2013.08.25"]
[Round "8"]
[White "Benazzo, Angelo"]
[Black "Hunt, Caro"]
[WhiteElo "1788"]
[BlackElo "1833"]
[Result "1-0"]
[PlyCount "63"]
[EventDate "2013.08.18"]

1. Nf3 d5 2. g3 g6 3. Bg2 Bg7 4. d4 Nf6 5. O-O O-O 6. Nbd2 Bf5 7. Nh4 Bg4 8. h3
Bd7 9. b3 c6 10. Bb2 Na6 11. c4 Nc7 12. Qc2 Rc8 13. Rad1 Re8 14. Rfe1 dxc4 15.
bxc4 Rb8 16. e4 Qc8 17. Kh2 h6 18. Nhf3 b5 19. Ne5 Nh7 20. Nxd7 Qxd7 21. e5
bxc4 22. Nxc4 Nd5 23. a3 Red8 24. Rd2 Bf8 25. Rde2 e6 26. Bc1 g5 27. Be4 f5 28.
exf6 Nhxf6 29. Bxd5 exd5 30. Ne5 Qc7 31. Nxc6 Rbc8 32. Qg6+ 1-0

[Event "XXXIII Festival Conca della Presolana A"]
[Site "Bratto - Castione della Presolana ITA"]
[Date "2013.08.25"]
[Round "8"]
[White "Bosticardo, Tommaso"]
[Black "Dubois, Martine"]
[WhiteElo "1900"]
[BlackElo "1995"]
[Result "1/2-1/2"]
[PlyCount "34"]
[EventDate "2013.08.18"]

1. d4 Nf6 2. c4 e5 3. dxe5 Ng4 4. Bf4 Bb4+ 5. Nd2 d6 6. exd6 Qf6 7. Nh3 Nxf2 8.
Kxf2 Bxh3 9. g3 Bxf1 10. dxc7 Nc6 11. Rxf1 O-O 12. Kg2 Rfe8 13. a3 Bxd2 14.
Qxd2 Nd4 15. Rae1 Qc6+ 16. Kg1 Qxc4 17. e3 Nb3 1/2-1/2

[Event "XXXIII Festival Conca della Presolana A"]
[Site "Bratto - Castione della Presolana ITA"]
[Date "2013.08.25"]
[Round "8"]
[White "Delledonne, Francesco"]
[Black "Perico, Gianvittorio"]
[WhiteElo "1916"]
[BlackElo "1875"]
[Result "1/2-1/2"]
[PlyCount "40"]
[EventDate "2013.08.18"]

1. e4 c5 2. Nf3 d6 3. d4 cxd4 4. Nxd4 Nf6 5. Nc3 a6 6. f4 Qc7 7. a4 Nc6 8. Nb3
e6 9. Be2 b6 10. O-O Be7 11. Be3 O-O 12. Kh1 Bb7 13. Bf3 Rac8 14. g4 d5 15.
exd5 Nxd5 16. Nxd5 exd5 17. c3 Rfd8 18. Qd3 d4 19. Nxd4 Nxd4 20. Bxd4 Bf6
1/2-1/2

[Event "XXXIII Festival Conca della Presolana A"]
[Site "Bratto - Castione della Presolana ITA"]
[Date "2013.08.25"]
[Round "8"]
[White "Gardi, Giuseppe"]
[Black "Foglieni, Matteo"]
[WhiteElo "1999"]
[BlackElo "1809"]
[Result "1/2-1/2"]
[PlyCount "83"]
[EventDate "2013.08.18"]

1. d4 f5 2. Nf3 Nf6 3. g3 e6 4. Bg2 Be7 5. O-O O-O 6. c4 d5 7. b3 b6 8. Ba3 Ne4
9. Bxe7 Qxe7 10. Qc2 Bb7 11. Ne5 Nd7 12. Nxd7 Qxd7 13. Nd2 Rac8 14. Nf3 dxc4
15. bxc4 c5 16. Rfd1 Qc7 17. Rac1 Rfd8 18. e3 cxd4 19. Nxd4 Nc5 20. Nb5 Qb8 21.
Bxb7 Nxb7 22. Qa4 a5 23. Rxd8+ Rxd8 24. Nd4 Qd6 25. Qc6 Qxc6 26. Nxc6 Rd6 27.
Ne5 Nc5 28. Kg2 Nd7 29. Nxd7 Rxd7 30. Rb1 Rd6 31. Kf3 Kf7 32. h4 Rc6 33. Rb5
Kf6 34. Kg2 Rxc4 35. Rxb6 Rc2 36. Rb5 Rxa2 37. Kf3 a4 38. Ra5 a3 39. Kg2 h6 40.
Kf3 g5 41. hxg5+ hxg5 42. g4 1/2-1/2

[Event "XXXIII Festival Conca della Presolana A"]
[Site "Bratto - Castione della Presolana ITA"]
[Date "2013.08.25"]
[Round "8"]
[White "Gemelli, Giovanni"]
[Black "Morandi, Daniele"]
[WhiteElo "1842"]
[BlackElo "1893"]
[Result "1-0"]
[PlyCount "59"]
[EventDate "2013.08.18"]

1. e4 e5 2. Nf3 Nc6 3. d4 exd4 4. Nxd4 Nf6 5. Nxc6 bxc6 6. e5 Qe7 7. Qe2 Nd5 8.
c4 Ba6 9. b3 g6 10. f4 Bg7 11. Qf2 Nb6 12. Be2 O-O 13. Ba3 d6 14. O-O c5 15.
Bf3 Rac8 16. Nc3 f6 17. exd6 cxd6 18. Rae1 Qc7 19. Nd5 Nxd5 20. Bxd5+ Kh8 21.
f5 Rce8 22. Rxe8 Rxe8 23. fxg6 f5 24. Qxf5 Rf8 25. Qxf8+ Bxf8 26. Rxf8+ Kg7 27.
Rf7+ Qxf7 28. gxf7 Bc8 29. Bc1 Bd7 30. Bh6+ 1-0

[Event "XXXIII Festival Conca della Presolana A"]
[Site "Bratto - Castione della Presolana ITA"]
[Date "2013.08.25"]
[Round "8"]
[White "Grazzi, Roberto"]
[Black "Drago, Paolo"]
[WhiteElo "2021"]
[BlackElo "1858"]
[Result "1/2-1/2"]
[PlyCount "70"]
[EventDate "2013.08.18"]

1. e4 e6 2. d4 d5 3. Nc3 Nf6 4. Bg5 Bb4 5. e5 h6 6. Bd2 Bxc3 7. bxc3 Ne4 8. Bd3
Nxd2 9. Qxd2 c5 10. dxc5 Qa5 11. Ne2 Qxc5 12. O-O Nc6 13. Qf4 O-O 14. Qg3 f6
15. exf6 Rxf6 16. Nf4 e5 17. Nh5 Rf7 18. Bg6 Re7 19. Kh1 e4 20. f4 Qd6 21. f5
Qxg3 22. hxg3 Ne5 23. Nf4 Nxg6 24. Nxg6 Rf7 25. g4 b6 26. Rad1 Bb7 27. Nf4 Rd7
28. Rfe1 Re8 29. c4 d4 30. c3 d3 31. Nxd3 Red8 32. Nf2 Rxd1 33. Rxd1 Rxd1+ 34.
Nxd1 Kf7 35. Kh2 Kf6 1/2-1/2

[Event "XXXIII Festival Conca della Presolana A"]
[Site "Bratto - Castione della Presolana ITA"]
[Date "2013.08.25"]
[Round "8"]
[White "Guerini, Sara"]
[Black "Fiscato, Claudio"]
[WhiteElo "1723"]
[BlackElo "1775"]
[Result "1/2-1/2"]
[PlyCount "46"]
[EventDate "2013.08.18"]

1. e4 c5 2. Nc3 e6 3. f4 a6 4. a4 Qc7 5. e5 d6 6. Nf3 Nc6 7. exd6 Bxd6 8. g3
Nf6 9. Bg2 O-O 10. O-O Bd7 11. d3 Rad8 12. Ne4 Be7 13. Be3 Nxe4 14. dxe4 f6 15.
Bh3 b6 16. Qe2 a5 17. Rad1 f5 18. e5 Nb4 19. b3 Bc6 20. Bg2 Qb7 21. c3 Nd5 22.
Bd2 Rd7 23. h3 Rfd8 1/2-1/2

[Event "XXXIII Festival Conca della Presolana A"]
[Site "Bratto - Castione della Presolana ITA"]
[Date "2013.08.25"]
[Round "8"]
[White "Iasman, Inna"]
[Black "Kravchenko, Oleg"]
[WhiteElo "1970"]
[BlackElo "1805"]
[Result "1/2-1/2"]
[PlyCount "94"]
[EventDate "2013.08.18"]

1. d4 Nf6 2. c4 e6 3. Nf3 b6 4. a3 Bb7 5. Nc3 d5 6. Bg5 Be7 7. e3 O-O 8. Bd3 h6
9. Bh4 c6 10. O-O Nbd7 11. Rc1 a6 12. Qe2 Ne4 13. Bxe7 Nxc3 14. Rxc3 Qxe7 15.
cxd5 exd5 16. Bf5 Nf6 17. Qc2 g6 18. Bd3 Nd7 19. b4 Qd6 20. Rb1 Rfc8 21. Be2
Kg7 22. Ne1 Nf6 23. Bf3 Nd7 24. Nd3 Rc7 25. Bg4 Nf6 26. Bf3 Nd7 27. Rc1 Rac8
28. Bg4 f5 29. Bf3 Nf6 30. Qb2 Kh7 31. a4 Nd7 32. a5 b5 33. Nc5 Nb8 34. Qc2 Rf8
35. Nd3 Nd7 36. Nc5 Nxc5 37. Rxc5 Re7 38. Qd3 Rf6 39. g3 Qd8 40. R5c2 Ree6 41.
Qc3 Qf8 42. Qd2 Qd8 43. h4 h5 44. Bg2 Bc8 45. Qd1 Bd7 46. Qf3 Qf8 47. Rc5 Be8
1/2-1/2

[Event "XXXIII Festival Conca della Presolana A"]
[Site "Bratto - Castione della Presolana ITA"]
[Date "2013.08.25"]
[Round "8"]
[White "Mortola, Alberto"]
[Black "Dieli, Alberto"]
[WhiteElo "1936"]
[BlackElo "1974"]
[Result "1-0"]
[PlyCount "51"]
[EventDate "2013.08.18"]

1. b4 e5 2. Bb2 d6 3. e4 Nf6 4. Bc4 Nc6 5. b5 Na5 6. Bd3 Be6 7. f4 exf4 8. Nf3
Nc4 9. Bd4 Ne5 10. O-O Qd7 11. Nc3 Bg4 12. Be2 O-O-O 13. Bxa7 Bxf3 14. Bxf3 g5
15. Be2 d5 16. Bd4 Re8 17. exd5 Bg7 18. a4 Nxd5 19. Kh1 f5 20. a5 Nf6 21. Bxe5
Rxe5 22. a6 Kb8 23. axb7 Kxb7 24. Bf3+ Nd5 25. Nxd5 Rxd5 26. c4 1-0

[Event "XXXIII Festival Conca della Presolana A"]
[Site "Bratto - Castione della Presolana ITA"]
[Date "2013.08.25"]
[Round "8"]
[White "Rizzi, Volfango"]
[Black "Lazzarini, Sabrina"]
[WhiteElo "1916"]
[BlackElo "1824"]
[Result "0-1"]
[PlyCount "46"]
[EventDate "2013.08.18"]

1. e4 e5 2. Nf3 Nf6 3. Nc3 Bb4 4. Bc4 O-O 5. d3 Nc6 6. O-O Bxc3 7. bxc3 d6 8.
h3 d5 9. exd5 Nxd5 10. Re1 Nb6 11. Bb3 Qf6 12. d4 exd4 13. cxd4 Bf5 14. c4 Rae8
15. Be3 Be4 16. Ng5 Bf5 17. c5 Nd7 18. Rc1 h6 19. Nf3 Be4 20. Nh2 Nb4 21. Bc4
Nd5 22. f3 Nxe3 23. Qb3 Qxd4 0-1

[Event "XXXIII Festival Conca della Presolana A"]
[Site "Bratto - Castione della Presolana ITA"]
[Date "2013.08.25"]
[Round "8"]
[White "Saracco, Marco"]
[Black "Villa, Claudio"]
[WhiteElo "1872"]
[BlackElo "1766"]
[Result "1/2-1/2"]
[PlyCount "36"]
[EventDate "2013.08.18"]

1. d4 d5 2. Nf3 Nf6 3. g3 e6 4. Bg2 c5 5. b3 Nc6 6. e3 Qc7 7. Bb2 cxd4 8. exd4
Be7 9. O-O O-O 10. a3 a6 11. Nbd2 b5 12. Ne5 Bb7 13. Rc1 Rac8 14. c4 Qb8 15.
Nxc6 Bxc6 16. c5 b4 17. a4 a5 18. f4 g6 1/2-1/2

[Event "XXXIII Festival Conca della Presolana A"]
[Site "Bratto - Castione della Presolana ITA"]
[Date "2013.08.25"]
[Round "8"]
[White "Autino, Massimiliano"]
[Black "Scagliotti, Guglielmo"]
[WhiteElo "1879"]
[BlackElo "1840"]
[Result "1-0"]
[PlyCount "65"]
[EventDate "2013.08.18"]

1. e4 c5 2. Nf3 d6 3. d4 cxd4 4. Nxd4 Nf6 5. Nc3 a6 6. Be3 e5 7. Nb3 Be6 8. f3
Be7 9. Qd2 Qc7 10. g4 O-O 11. h4 Nbd7 12. h5 Nb6 13. g5 Nfd7 14. O-O-O Rac8 15.
Be2 d5 16. exd5 Nxd5 17. Nxd5 Bxd5 18. c3 Bxb3 19. axb3 Rfd8 20. g6 Nb6 21.
gxf7+ Kxf7 22. Qc2 Rxd1+ 23. Rxd1 Kg8 24. Qf5 Bc5 25. Bxc5 Qxc5 26. Bd3 e4 27.
Qe6+ Kh8 28. Bxe4 Qe3+ 29. Kb1 Rf8 30. Qe7 Qf4 31. Rd8 Kg8 32. Rxf8+ Qxf8 33.
Bxh7+ 1-0

[Event "XXXIII Festival Conca della Presolana A"]
[Site "Bratto - Castione della Presolana ITA"]
[Date "2013.08.25"]
[Round "8"]
[White "Gagliardi, Claudio"]
[Black "Bonassi, Tommaso"]
[WhiteElo "1766"]
[BlackElo "1949"]
[Result "0-1"]
[PlyCount "104"]
[EventDate "2013.08.18"]

1. e4 g6 2. Nf3 Bg7 3. d4 d6 4. c4 Nc6 5. h3 e5 6. Be3 f5 7. exf5 Bxf5 8. Nc3
Nf6 9. Be2 O-O 10. O-O e4 11. Ne1 h6 12. Nc2 a5 13. a3 Kh7 14. Qd2 d5 15. Rac1
Ne7 16. Rfd1 c6 17. b4 axb4 18. axb4 Qd7 19. b5 Be6 20. cxd5 Nexd5 21. Nxd5
Nxd5 22. bxc6 bxc6 23. Nb4 Rac8 24. Na6 Qf7 25. Nc5 Nxe3 26. Qxe3 Bd5 27. Bg4
Ra8 28. Ra1 h5 29. Be2 Bh6 30. Qg3 Bf4 31. Qc3 Rxa1 32. Rxa1 Qe7 33. Rb1 Qg5
34. Rb7+ Kh6 35. Qa3 e3 36. Ne4 exf2+ 37. Kf1 Bd6 38. Nxg5 Bxa3 39. h4 Bg8 40.
Nf3 c5 41. dxc5 Bxc5 42. Rc7 Bd6 43. Rc6 Bg3 44. Bd3 Bf7 45. Ng5 Be8 46. Rc2
Bxh4 47. Nh3 Ba4 48. Ra2 Rc8 49. Nxf2 Bb3 50. Ra6 Rc1+ 51. Ke2 Bf7 52. Be4 Bc4+
0-1

[Event "XXXIII Festival Conca della Presolana A"]
[Site "Bratto - Castione della Presolana ITA"]
[Date "2013.08.25"]
[Round "8"]
[White "Guerini, Silvia jr"]
[Black "Vlug, Andre"]
[WhiteElo "1773"]
[BlackElo "1847"]
[Result "1-0"]
[PlyCount "42"]
[EventDate "2013.08.18"]

1. e4 e5 2. Nf3 Nc6 3. Bc4 Nf6 4. d3 h6 5. c3 a6 6. Bb3 d5 7. exd5 Nxd5 8. Qe2
Bg4 9. d4 f6 10. Qe4 Bxf3 11. Qg6+ Ke7 12. gxf3 Qd6 13. Qe4 Rd8 14. Na3 b5 15.
Bd2 Na5 16. Bc2 Kd7 17. Qg4+ Kc6 18. O-O-O h5 19. Qe4 Kb6 20. Be3 Nxe3 21. Qxe3
Qe6 1-0

[Event "XXXIII Festival Conca della Presolana A"]
[Site "Bratto - Castione della Presolana ITA"]
[Date "2013.08.25"]
[Round "8"]
[White "Listello, Massimiliano"]
[Black "Oppici, Gabriele"]
[WhiteElo "1767"]
[BlackElo "2002"]
[Result "1/2-1/2"]
[PlyCount "157"]
[EventDate "2013.08.18"]

1. d4 d6 2. e4 Nf6 3. Nc3 c6 4. f4 Qa5 5. Bd3 e5 6. Nf3 Bg4 7. dxe5 dxe5 8.
fxe5 Bxf3 9. Qxf3 Qxe5 10. O-O Bc5+ 11. Kh1 O-O 12. Bf4 Qh5 13. e5 Qxf3 14.
Rxf3 Ng4 15. Ne4 Bd4 16. e6 fxe6 17. Bc4 Kh8 18. h3 Nf6 19. Bd6 Re8 20. Ng5 b5
21. Bb3 Nbd7 22. Nxe6 Bb6 23. Ng5 h6 24. h4 hxg5 25. hxg5 Nd5 26. Rh3+ Kg8 27.
c4 bxc4 28. Bxc4 Ne5 29. Bb3 Rad8 30. Ba3 Ng4 31. Rf3 Re3 32. Rf5 g6 33. Rf4
Ne5 34. Raf1 Rxb3 35. Rf8+ Rxf8 36. Rxf8+ Kg7 37. axb3 Nf7 38. Rc8 Nxg5 39.
Rxc6 Ne4 40. Rc8 Kf6 41. Re8 Kf5 42. Bf8 Ndf6 43. Rc8 Kg4 44. Kh2 Bf2 45. Be7
Bg3+ 46. Kg1 Nd5 47. Rc4 Kf5 48. Bc5 a6 49. Bd4 Nf4 50. Rc2 Be1 51. Be3 Nd5 52.
Bd4 g5 53. Kf1 Bb4 54. Ke2 Nf4+ 55. Ke3 g4 56. Ba7 Be1 57. Bb8 Ne6 58. Re2 Bb4
59. Rc2 a5 60. Ba7 g3 61. Bb8 Be1 62. Rc4 Bf2+ 63. Ke2 N6c5 64. Bc7 Nxb3 65.
Ra4 Nd4+ 66. Kd1 Nb3 67. Bxa5 Nec5 68. Ra3 Ke4 69. Ke2 Bd4 70. Bc3 Bf2 71. Bg7
Kd5 72. Bc3 Kc4 73. Kf3 Kd5 74. Ra8 Nd4+ 75. Bxd4 Kxd4 76. Rd8+ Kc4 77. Rd2 Kb3
78. Rxf2 gxf2 79. Kxf2 1/2-1/2

[Event "XXXIII Festival Conca della Presolana A"]
[Site "Bratto - Castione della Presolana ITA"]
[Date "2013.08.25"]
[Round "8"]
[White "Onida, Davide"]
[Black "Michel, Steve"]
[WhiteElo "1783"]
[BlackElo "1979"]
[Result "0-1"]
[PlyCount "52"]
[EventDate "2013.08.18"]

1. Nf3 Nf6 2. c4 g6 3. g3 Bg7 4. Bg2 O-O 5. O-O d6 6. Nc3 Nc6 7. d4 a6 8. e4
Rb8 9. a4 Bg4 10. Be3 e5 11. h3 exd4 12. hxg4 dxe3 13. Nh2 exf2+ 14. Rxf2 Nd7
15. Nf3 Nde5 16. Nxe5 Bxe5 17. Rf3 Bg7 18. Rf1 Qg5 19. Qe2 Nd4 20. Qd1 Ne6 21.
Bh3 Qe3+ 22. Kg2 Bxc3 23. bxc3 Qxe4+ 24. Kh2 Qxc4 25. Qc2 d5 26. Rac1 c5 0-1

[Event "XXXIII Festival Conca della Presolana A"]
[Site "Bratto - Castione della Presolana ITA"]
[Date "2013.08.25"]
[Round "8"]
[White "Peron, Davide"]
[Black "Savoldelli, Dario"]
[WhiteElo "1784"]
[BlackElo "1852"]
[Result "1/2-1/2"]
[PlyCount "55"]
[EventDate "2013.08.18"]

1. e4 d6 2. d4 Nf6 3. Nc3 g6 4. Nf3 Bg7 5. Be2 O-O 6. O-O c6 7. a4 Qc7 8. Re1
e5 9. Bg5 Bg4 10. h3 Bxf3 11. Bxf3 Nbd7 12. d5 c5 13. Nb5 Qb8 14. c4 a6 15. Nc3
Qc7 16. Qd3 Rac8 17. b3 h6 18. Bd2 Qd8 19. Ne2 Kh7 20. Ng3 Rh8 21. Rab1 a5 22.
Bd1 b6 23. Bc2 Qe7 24. Qe2 Rce8 25. Be3 Kg8 26. Qf3 Nh7 27. Bd2 Nhf6 28. Qd3
1/2-1/2

[Event "XXXIII Festival Conca della Presolana A"]
[Site "Bratto - Castione della Presolana ITA"]
[Date "2013.08.25"]
[Round "8"]
[White "Raselli, Claudio"]
[Black "Tardelli, Andrea"]
[WhiteElo "1910"]
[BlackElo "1793"]
[Result "1/2-1/2"]
[PlyCount "30"]
[EventDate "2013.08.18"]

1. c4 e5 2. Nc3 Nc6 3. g3 Nf6 4. Bg2 Bc5 5. a3 a6 6. e3 O-O 7. Nge2 Re8 8. O-O
Bf8 9. b4 g6 10. Bb2 Bg7 11. Nd5 Ne7 12. d4 d6 13. dxe5 dxe5 14. Nxf6+ Bxf6 15.
Qxd8 Rxd8 1/2-1/2

[Event "XXXIII Festival Conca della Presolana A"]
[Site "Bratto - Castione della Presolana ITA"]
[Date "2013.08.25"]
[Round "8"]
[White "Razzano, Lorenzo"]
[Black "Boccalatte, Piero"]
[WhiteElo "1988"]
[BlackElo "1972"]
[Result "1/2-1/2"]
[PlyCount "29"]
[EventDate "2013.08.18"]

1. e4 c6 2. d4 d5 3. exd5 cxd5 4. c4 Nf6 5. Nc3 e6 6. c5 Nc6 7. Nf3 Ne4 8. Bf4
Qa5 9. Qb3 Qb4 10. Bb5 Qxb3 11. axb3 Bd7 12. Nxe4 dxe4 13. Bxc6 Bxc6 14. Nd2
Be7 15. Nc4 1/2-1/2

[Event "XXXIII Festival Conca della Presolana A"]
[Site "Bratto - Castione della Presolana ITA"]
[Date "2013.08.25"]
[Round "8"]
[White "Zuliani, Francesco"]
[Black "Oteri, Aldo"]
[WhiteElo "1803"]
[BlackElo "1772"]
[Result "1-0"]
[PlyCount "33"]
[EventDate "2013.08.18"]

1. e4 e6 2. d4 d5 3. Nc3 Bb4 4. Nge2 Nf6 5. e5 Ne4 6. a3 Nxc3 7. bxc3 Ba5 8.
Bd2 c5 9. Nf4 Nc6 10. Qg4 cxd4 11. Qxg7 Rf8 12. Nh5 dxc3 13. Nf6+ Ke7 14. Bg5
Nxe5 15. Nxd5+ Kd6 16. Bxd8 Rxd8 17. Ne3 1-0